| 000 | 01302nam a2200241Ia 4500 | ||
|---|---|---|---|
| 003 | Ost | ||
| 005 | 20260507075303.0 | ||
| 008 | 260507s9999||||xx |||||||||||||| ||und|| | ||
| 020 | _a36062769779 | ||
| 040 | _cfsecg | ||
| 041 | _aara | ||
| 082 | _a330 | ||
| 100 |
_aالعجرودي، ديفيد _eمؤلف |
||
| 245 | 0 |
_aإدارة منظمات الأعمال الخاصة / _c ديفيد العجرودي |
|
| 260 |
_aالقاهرة: _bالمكتب العربي للمعارف, _c2011 |
||
| 300 |
_a566 صفحة؛ _bإيضاحات ؛ _c25 سم |
||
| 520 | _aمفهوم الادارة و تطورها التريخي ، مفهوم العملية الادارية و خصائصها العملية ، التخطيط : مفهوه و أدوانه و مفهوم التنظيم ، الهيكل التنظيمي و الخرائط التنظيمية و استخدام النماذج الكمية في مجال التنظيم ، تعرف التوجيه و أركانه ، الرقابة و أنواعها ، التدفق المعنوي ، المسؤولية الاجتماعية و نشأتها و المسؤولية الأخلاقية للمديرين. | ||
| 653 | _aإدارة الاعمال | ||
| 653 | _aالإدارة | ||
| 653 | _aالتخطيط | ||
| 653 | _aمنظمات | ||
| 942 | _cكتاب | ||
| 999 |
_c43801 _d43801 |
||